Vlastné náklady a ceny.

Uložené v:
Podrobná bibliografia
Hlavný autor: FRANCE, K. (Author)
Médium: Kniha
Jazyk:Czech
Vydané: 1964
Tagy: Pridať tag
Žiadne tagy, Buďte prvý kto otaguje tento záznam!

MARC

LEADER 00000nam a2200000 a 4500
001 000171874
005 00000000000000.0
008 040101s1964 e czeo
041 0 |a cze 
100 1 |a FRANCE, K.  |4 aut 
245 1 0 |a Vlastné náklady a ceny. 
260 |c 1964 
500 |a Záznam neprešiel kontrolou 
910 |a svkkk 
998 |a BK 
090 |g SCKHL  |k Sklad Pribinova 2. posch.  |a II.144098  |i 171874-10  |s Absenčne